000 00956cam a22002054a 4500
005 20250605164404.0
008 250528s ||||||||||||||||||||||||d
035 _a24719
020 _a9786188020559
040 _aGR-AtMCL
_bgre
_dGR-AtMCL
_eAACR2
245 1 _a7 secrets to break the chains of panic attacks / A breakthrough guide for resolving panic attacks
250 _a1st
260 _c2019
520 _aUnderstanding anxiety and panic attacks, The link between hyperventilation sydrome and panic attacks, Understanding and changing the anatomy of a panic attack, Mood changes and panic attacks, Being human and compassionate with yourself, Diet and substance abuse: Their relationship with anxiety and panic attacks, Affirmative work and healing maps: Affirmations and healing maps for panic attacks
700 1 _aAlexandra Pentaraki
_99517
942 _cBK
710 2 _aBrain Matters Institute
_99839
999 _c9581
_d9581